game of thrones girl characters - Statistics

General Stats
  • This quiz has been taken 103 times
  • The average score is 14 of 19
Answer Stats
Answer % Correct
arya
100%
sansa
100%
cersei
98%
catelyn
93%
daenerys
89%
margaery
84%
missandei
83%
brienne
80%
olenna
79%
myrcella
75%
ygritte
75%
melisandre
72%
shae
68%
lysa
67%
gilly
65%
yara
59%
ros
58%
osha
49%
talisa
44%
No matching quizzes found
Score Distribution
Percent of People with Each Score
Percentile by Number Answered
Your Score History
You have not taken this quiz